[Event "Ruhrgebiet Verbandsklasse Gruppe 1 1819"]
[Site "Nordrheinwestfalen"]
[Date "2019.05.05"]
[Round "9.7"]
[White "Zimmer, Sebastian"]
[Black "Poeter, Manfred"]
[Result "1/2-1/2"]
[WhiteElo "1716"]
[BlackElo "1702"]
[PlyCount "25"]
[EventDate "2018.09.23"]
[EventType "team-tourn"]
[EventRounds "9"]
[EventCountry "GER"]
[SourceTitle "EXT 2022"]
[Source "ChessBase"]
[SourceDate "2021.10.06"]
[SourceVersion "1"]
[SourceVersionDate "2021.10.06"]
[SourceQuality "1"]
[WhiteTeam "Werl SC 1981"]
[BlackTeam "Haltern"]
[WhiteTeamCountry "GER"]
[BlackTeamCountry "GER"]

1. e4 e6 2. d4 d5 3. Nc3 Bb4 4. Qg4 g6 5. e5 c5 6. Bg5 Qa5 7. Bd2 cxd4 8. Qxd4 Nc6 9. Bb5 Nge7 10. Nge2 0-0 11. Bxc6 Nxc6 12. Qe3 Qc7 13. a3 1/2-1/2

[Event "Ruhrgebiet Bezirksliga 16/17"]
[Site "Ruhrgebiet"]
[Date "2017.04.02"]
[Round "10.4"]
[White "Zimmer, Sebastian"]
[Black "Meya, Carsten"]
[Result "1/2-1/2"]
[WhiteElo "1605"]
[BlackElo "1857"]
[PlyCount "49"]
[EventDate "2016.08.28"]
[EventType "team-tourn"]
[EventRounds "11"]
[EventCountry "GER"]
[SourceTitle "EXT 2022"]
[Source "ChessBase"]
[SourceDate "2021.10.06"]
[SourceVersion "1"]
[SourceVersionDate "2021.10.06"]
[SourceQuality "1"]
[WhiteTeam "Werl SC 1981"]
[BlackTeam "Werne SK"]
[WhiteTeamCountry "GER"]
[BlackTeamCountry "GER"]

1. e4 e6 2. d4 b6 3. Nf3 Bb7 4. Nc3 Bb4 5. Bd3 Nf6 6. Bg5 h6 7. Bxf6 Qxf6 8. e5 Bxf3 9. exf6 Bxd1 10. fxg7 Rg8 11. Rxd1 Rxg7 12. 0-0 Bxc3 13. bxc3 d5 14. c4 dxc4 15. Bxc4 Nd7 16. Rfe1 0-0-0 17. Re3 Nf6 18. c3 c5 19. Red3 cxd4 20. Rxd4 Rxd4 21. Rxd4 Kc7 22. Ba6 Nd7 23. Rh4 Rg6 24. Bd3 f5 25. Ra4 1/2-1/2

[Event "Ruhrgebiet Bezirksliga 16/17"]
[Site "Ruhrgebiet"]
[Date "2017.01.08"]
[Round "6.6"]
[White "Potratz, Manfred"]
[Black "Zimmer, Sebastian"]
[Result "1/2-1/2"]
[WhiteElo "1700"]
[BlackElo "1605"]
[PlyCount "36"]
[EventDate "2016.08.28"]
[EventType "team-tourn"]
[EventRounds "11"]
[EventCountry "GER"]
[SourceTitle "EXT 2022"]
[Source "ChessBase"]
[SourceDate "2021.10.06"]
[SourceVersion "1"]
[SourceVersionDate "2021.10.06"]
[SourceQuality "1"]
[WhiteTeam "Wickede SK"]
[BlackTeam "Werl SC 1981"]
[WhiteTeamCountry "GER"]
[BlackTeamCountry "GER"]

1. e4 e6 2. d4 d5 3. e5 c5 4. c3 Qb6 5. Nf3 Nc6 6. Be2 cxd4 7. cxd4 Nh6 8. Nc3 Nf5 9. Bb5 Bd7 10. Bxc6 bxc6 11. 0-0 c5 12. Na4 Qa5 13. Nxc5 Bxc5 14. dxc5 Qxc5 15. Bd2 0-0 16. Rc1 Qb6 17. Bc3 Rac8 18. Qd2 Bb5 1/2-1/2

[Event "Ruhrgebiet Bezirksliga 15/16"]
[Site "Ruhrgebiet"]
[Date "2015.10.25"]
[Round "3.7"]
[White "Zimmer, Sebastian"]
[Black "Watzlawek, Volker"]
[Result "1/2-1/2"]
[WhiteElo "1633"]
[BlackElo "1613"]
[PlyCount "47"]
[EventDate "2015.08.30"]
[EventType "team-tourn"]
[EventRounds "9"]
[EventCountry "GER"]
[SourceTitle "EXT 2022"]
[Source "ChessBase"]
[SourceDate "2021.10.06"]
[SourceVersion "1"]
[SourceVersionDate "2021.10.06"]
[SourceQuality "1"]
[WhiteTeam "Werl SC 1981"]
[BlackTeam "Unna SV"]
[WhiteTeamCountry "GER"]
[BlackTeamCountry "GER"]

1. e4 e6 2. d4 d5 3. Nc3 dxe4 4. Nxe4 Bd7 5. Nf3 Bc6 6. Bd3 Nd7 7. 0-0 Ngf6 8. Bg5 Be7 9. Nxf6+ Bxf6 10. Bxf6 Qxf6 11. Be2 0-0-0 12. c3 g5 13. Qd2 Ne5 14. Nxe5 Qxe5 15. Rad1 Qf5 16. Qe3 h5 17. c4 g4 18. Bd3 Qf6 19. Be4 Bxe4 20. Qxe4 Rd7 21. Rd2 Rhd8 22. Rfd1 c5 23. d5 exd5 24. cxd5 1/2-1/2

[Event "Ruhrgebiet Bezirksliga 15/16"]
[Site "Ruhrgebiet"]
[Date "2015.08.30"]
[Round "1.6"]
[White "Zimmer, Sebastian"]
[Black "Arndt, Jannis"]
[Result "1-0"]
[WhiteElo "1633"]
[BlackElo "1339"]
[PlyCount "45"]
[EventDate "2015.08.30"]
[EventType "team-tourn"]
[EventRounds "9"]
[EventCountry "GER"]
[SourceTitle "EXT 2022"]
[Source "ChessBase"]
[SourceDate "2021.10.06"]
[SourceVersion "1"]
[SourceVersionDate "2021.10.06"]
[SourceQuality "1"]
[WhiteTeam "Werl SC 1981"]
[BlackTeam "Hamm SVg II"]
[WhiteTeamCountry "GER"]
[BlackTeamCountry "GER"]

1. e4 e5 2. Bc4 Bc5 3. Nf3 Nc6 4. c3 Qf6 5. d3 Nge7 6. 0-0 d6 7. Be3 Bg4 8. Nbd2 Bb6 9. h3 Be6 10. b4 d5 11. exd5 Bxd5 12. Qb3 Bxe3 13. fxe3 Rd8 14. e4 Bxc4 15. Nxc4 Qe6 16. Ng5 Qg6 17. Nxf7 Rxd3 18. Nxh8 Qxe4 19. Rae1 Qh4 20. Nxe5 Nxe5 21. Rxe5 Rxh3 22. Rf8+ Kd7 23. Qe6# 1-0

[Event "Ruhrgebiet VK3 1112"]
[Site "Nordrheinwestfalen"]
[Date "2011.09.18"]
[Round "1"]
[White "Dahlbeck, Mirko"]
[Black "Zimmer, Sebastian"]
[Result "1/2-1/2"]
[WhiteElo "1724"]
[BlackElo "1655"]
[PlyCount "92"]
[EventDate "2012.09.18"]
[EventType "team-tourn"]
[EventRounds "9"]
[EventCountry "GER"]
[SourceTitle "EXT 2020"]
[Source "ChessBase"]
[SourceDate "2019.10.17"]
[SourceVersion "1"]
[SourceVersionDate "2019.10.17"]
[SourceQuality "1"]
[WhiteTeam "Sport Union Annen"]
[BlackTeam "Werl SC 1981"]
[WhiteTeamCountry "GER"]
[BlackTeamCountry "GER"]

1. e4 e6 2. d4 d5 3. Nd2 Nf6 4. e5 Nfd7 5. Qg4 c5 6. c3 Nc6 7. Bd3 cxd4 8. cxd4 Qb6 9. Ngf3 Nb4 10. Bb1 Qb5 11. Ng5 Nb6 12. Qf3 Qd7 13. Qg3 h6 14. Nh3 Qa4 15. b3 Qc6 16. 0-0 Bd7 17. Bb2 Qc7 18. a3 Nc6 19. b4 Na4 20. Qb3 b5 21. Bd3 a6 22. Nf4 Be7 23. Rac1 Bg5 24. g3 Qb6 25. Nf3 0-0 26. Bb1 f5 27. Rc2 Bxf4 28. gxf4 Rac8 29. Bc1 Nxd4 30. Nxd4 Qxd4 31. Be3 Rc3 32. Bxd4 Rxb3 33. Rc7 Be8 34. Bc2 Rxa3 35. Bxa4 Rxa4 36. Bc5 g5 37. Bxf8 Kxf8 38. Ra7 Rxb4 39. Rxa6 Ke7 40. Ra7+ Bd7 41. fxg5 hxg5 42. Rb7 Rg4+ 43. Kh1 Kd8 44. Ra1 Ra4 45. Rc1 Rc4 46. Ra1 Ra4 1/2-1/2